Data - Tainy - Estadísticas

Estadísticas generales
  • Esta prueba ha sido intentada 47 veces
  • La puntuación promedio es 17 de 20
Estadísticas de respuestas
Artista Canción % Correcto
Myke Towers obstáculo
94%
Arcángel, Jhayco, Myke Towers, Omar Courtz, Bad Bunny, Arca PASIEMPRE
94%
Feid, Daddy Yankee LA BABY
89%
Bad Bunny MOJABI GHOST
89%
Álvaro Díaz PARANORMAL
89%
Rauw Alejandro Sci-Fi
89%
Sech, E.vax 11 Y ONCE
86%
Mora, Zion BUENOS AIRES
86%
J Balvin, Young Miko, Jowell & Randy COLMILLO
86%
Kany García desde las 10 (KANY'S INTERLUDE)
86%
Jhayco FANTASMA AVC
86%
Bad Bunny, Julieta Vénegas Lo Siento BB
86%
Rauw Alejandro, Skrillex, Four Tet VOLVER
86%
Arcángel me jodi...
83%
Xantos SACRIFICIO
83%
Wisin y Yandel Todavía
83%
Ozuna EN VISTO
80%
Young Miko, The Marías mañana
80%
Chencho Corleone CORLEONE INTERLUDE
74%
Kris Floyd, Judeline si preguntas por mi
71%
No se encontraron pruebas coincidentes
Distribución de puntuación
Porcentaje de gente con cada puntuación
Porcentaje por número respondido
Historial de tus puntuaciones
No has intentado esta prueba.